01467nam a22002057a 4500003000900000005001700009008004100026040002800067100003800095245026300133260004100396300002300437502018700460504005300647505030800700700004301008700004001051700004301091830012701134DO-SdBJH20240823144146.0240823b |||||||| |||| 00| 0 spa d aDO-SdBJHbspacDO-SdBJH1 aCastro Moni, Gregoryesustentante10aImpacto del cambio climático en las zonas costeras de la República Dominicana, accionar a tomar, rol de la Armada de República Dominica /nac Gregory Castro Moni, Eliezer Garrido Santana, asesores Carlos Pineda Fernández, Gertrudis Perera Rodríguez aSanto Domingo Este :bINSUDE, c2022 aviii, 44 páginas aTrabajo de grado (Licenciado en Ciencias Navales). -- Instituto Superior para la Defensa (INSUDE). Academia Naval Marina de Guerra “Vicealmirante Cesar D’Windt Lavandier”, 2022 aIncluye referencias bibliográficas e índices aRecursos costeros que están en mayor riesgo de sufrir los impactos negativos del cambio climático. -- Rol de la Armada de República Dominicana ante cambio climático en las zonas costeras. -- La planificación de una estrategia para hacerle frente a estas vulnerabilidades del cambio climático1 aGarrido Santana, Eliezer esustentante1 aPineda Fernández, Carlos easesor1 aPerera Rodríguez, Gertrudis easesor aINSUDE. Academia Naval Marina de Guerra “Vicealmirante Cesar D’Windt Lavandier”. Tesis y disertaciones académicas